| 000 | 00718nac a22002171u 4500 | ||
|---|---|---|---|
| 010 | _a91039395 | ||
| 020 | _a3540549161 | ||
| 020 | _a0387549161 (U.S.) | ||
| 082 | 0 | 0 |
_a620.00151535 _bPOC |
| 090 |
_c9196 _d9196 |
||
| 100 | _aPoceski, A. | ||
| 245 | 1 | 0 |
_aMixed finite element method / _cA. Poceski. |
| 260 |
_aBerlin ; _aNew York : _bSpringer-Verlag,1992. _cc1992. |
||
| 300 |
_aviii, 345 p. : _bill. ; _c25 cm. |
||
| 440 | 0 |
_aLecture notes in engineering ; _v72 ; |
|
| 500 | _aDistributer: Al-Ahram | ||
| 504 | _aIncludes bibliographical references (336-345). | ||
| 511 | _aCatalogued by: Sara | ||
| 650 | 0 | _aFinite element method. | |
| 942 |
_cBB _k620.00151535POC |
||
| 999 |
_c9196 _d9196 |
||